कन्याकुमारी (Record no. 978499)

MARC details
000 -LEADER
fixed length control field 00303nam a2200109Ia 4500
008 - FIXED-LENGTH DATA ELEMENTS--GENERAL INFORMATION
fixed length control field 151001s9999||||xx |||||||||||||| ||und||
245 ## - TITLE STATEMENT
Title कन्याकुमारी
250 ## - EDITION STATEMENT
Edition statement 1
260 ## - PUBLICATION, DISTRIBUTION, ETC. (IMPRINT)
Name of publisher, distributor, etc राजेंद्र प्रकाशन ठाणे
300 ## - PHYSICAL DESCRIPTION
Extent 330
365 ## - TRADE PRICE
Price amount 18

No items available.